Исследование древесины сибирских деревьев; Журнал прикладной химии; Т. 1, вып. 3-4

Bibliographic Details
Parent link:Журнал прикладной химии: химический журнал/ Академия наук СССР.— , 1928-.— 0044-4618
Т. 1, вып. 3-4.— 1924.— С. 99-102
Main Author: Поварнин Г.
Other Authors: Калье А.
Language:Russian
Published: 1924
Subjects:
Format: Book Chapter
KOHA link:https://koha.lib.tpu.ru/cgi-bin/koha/opac-detail.pl?biblionumber=424574

MARC

LEADER 00000naa2a2200000 4500
001 424574
005 20250619161506.0
035 |a (RuTPU)RU\TPU\prd\82969 
035 |a RU\TPU\tpu\1641 
090 |a 424574 
100 |a 20100528d1924 k y0rusy50 ca 
101 0 |a rus 
102 |a RU 
200 1 |a Исследование древесины сибирских деревьев  |f Г. Поварнин, А. Калье 
461 1 |0 (RuTPU)RU\TPU\prd\164  |x 0044-4618  |t Журнал прикладной химии  |o химический журнал  |f Академия наук СССР  |d 1928- 
463 1 |t Т. 1, вып. 3-4  |v С. 99-102  |d 1924 
610 1 |a химические науки 
610 1 |a труды учёных ТПУ 
700 1 |a Поварнин  |b Г. 
701 1 |a Калье  |b А. 
801 0 |a RU  |b 63413507  |c 20011210  |g PSBO 
801 2 |a RU  |b 63413507  |c 20140609  |g PSBO 
850 |a 63413507 
942 |c CR